000 00503nam a22001577a 4500
003 macl
005 20181229120817.0
008 181229b xxu||||| |||| 00| 0 eng d
040 _cmacl
082 _a658
100 _aसिंह ,डॉ उदयभ्‍ाानु
_973556
245 _aस्‍वासथ्‍य एवं अाहार
260 _aमेरठ
_bसौम्‍या पब्लिकेन्‍स
_c2016
650 _aडायरी
_936754
942 _2ddc
_cHIN
999 _c58826
_d58826